000
00397nam a22001337a 4500
003
SGT
020
_a
8123901526
082
_a
080
_b
R92J
100
_a
जैन सी. के.
245
_a
राजीव गाँधी एवं संसद
260
_b
CBS पब्लिशर्स एंड डिस्ट्रीब्यूटर्स
_c
1992
300
_a
683
942
_2
ddc
_c
BK
999
_c
31472
_d
31472